000 00218 a2200097 4500
001 15403
100 _aMacmillam, Nor
245 _aTales of two air wars
260 _aLondon
_bG bell and sons
_c
090 _c12029
_d12029
942 _aNUST-CAE
_cM
_c2258
999 _c250476
_d250476